000 00294nam a2200121Ia 4500
008 190216s9999||||xx |||||||||||||| ||und||
100 _aBelikov
245 0 _aGeneral Methods For Solving Physics Problems
260 _bMir Publishers
_c1989
300 _a295p
650 _aPhysics
942 _cBK
999 _c33200
_d33200